El impacto redistributivo del gasto público social dirigido a la niñez en la Provincia de Salta (Registro nro. 1545)

Detalles MARC
000 -LEADER
fixed length control field 01430 a2200313 4500
001 - CONTROL NUMBER
control field 27120
005 - DATE AND TIME OF LATEST TRANSACTION
control field 20260407155548.0
008 - FIXED-LENGTH DATA ELEMENTS--GENERAL INFORMATION
fixed length control field 260407a2011 arg spa d
003 - CONTROL NUMBER IDENTIFIER
control field AR-UNSa-BCEJYS
040 ## - CATALOGING SOURCE
Original cataloging agency AR-UNSa-BCEJYS
Language of cataloging spa
Transcribing agency AR-UNSa-BCEJYS
080 ## - UNIVERSAL DECIMAL CLASSIFICATION NUMBER
Universal Decimal Classification number 336.5
Common auxiliary subdivision Gasto público. Gastos del estado
020 ## - INTERNATIONAL STANDARD BOOK NUMBER
International Standard Book Number 987-25436-0-0
100 1# - MAIN ENTRY--PERSONAL NAME
Personal name Paz, Jorge Augusto
245 10 - TITLE STATEMENT
Title El impacto redistributivo del gasto público social dirigido a la niñez en la Provincia de Salta
264 #1 - PRODUCTION, PUBLICATION, DISTRIBUTION, MANUFACTURE, AND COPYRIGHT NOTICE
Place of production, publication, distribution, manufacture Salta :
Name of producer, publisher, distributor, manufacturer Artes Gráficas Crivelli
Date of production, publication, distribution, manufacture, or copyright notice 2011
300 ## - PHYSICAL DESCRIPTION
Extent 75 p.
Dimensions 30 cm.
505 ## - FORMATTED CONTENTS NOTE
Formatted contents note 1. Introducción - 2. Antecedentes de estudios similares - 3. Políticas públicas dirigidas a la niñez y a la adolescencia en Salta - 4. Datos y metodología - 5. Resultados - 6. Conclusiones
590 ## - LOCAL NOTE (RLIN)
Local note niveau_biblio:m niveau_hierar:0
700 1# - ADDED ENTRY--PERSONAL NAME
Personal name Jimenéz, Maribel
700 1# - ADDED ENTRY--PERSONAL NAME
Personal name Casanova, Luis
700 1# - ADDED ENTRY--PERSONAL NAME
Personal name Harriague, Marcela
700 1# - ADDED ENTRY--PERSONAL NAME
Personal name Universidad Nacional de Salta. Facultad de Ciencias Económicas, Jurídicas y Sociales. Instituto de Estudios Laborales y del Desarrollo Económico (IELDE)
700 1# - ADDED ENTRY--PERSONAL NAME
Personal name UNICEF
700 1# - ADDED ENTRY--PERSONAL NAME
Personal name Ibarra, Pedro Marcelo
700 1# - ADDED ENTRY--PERSONAL NAME
Personal name Sant, Marcos
700 1# - ADDED ENTRY--PERSONAL NAME
Personal name Fundación Arcor
856 41 - ELECTRONIC LOCATION AND ACCESS
Uniform Resource Identifier <a href="https://biblioeco.unsa.edu.ar/pmb/images/libros/El impacto redistribucion del Gasto Publico Social dirigido a la ninez en la provincia de Salta-l118571.jpg">https://biblioeco.unsa.edu.ar/pmb/images/libros/El impacto redistribucion del Gasto Publico Social dirigido a la ninez en la provincia de Salta-l118571.jpg</a>
Link text Imagen de portada
Electronic format type image/jpeg
942 ## - ADDED ENTRY ELEMENTS (KOHA)
Koha item type
Existencias
Withdrawn status Lost status Damaged status Not for loan Home library Current library Shelving location Date acquired Total checkouts Full call number Barcode Date last seen Price effective from Koha item type
        Biblioteca Prof. Eusebio Cleto del Rey Biblioteca Prof. Eusebio Cleto del Rey   07/04/2026   336.5 P348 L118564 07/04/2026 07/04/2026 Libro
        Biblioteca Prof. Eusebio Cleto del Rey Biblioteca Prof. Eusebio Cleto del Rey   07/04/2026   336.5 P348 L118565 07/04/2026 07/04/2026 Libro
        Biblioteca Prof. Eusebio Cleto del Rey Biblioteca Prof. Eusebio Cleto del Rey   07/04/2026   336.5 P348 L118566 07/04/2026 07/04/2026 Libro
        Biblioteca Prof. Eusebio Cleto del Rey Biblioteca Prof. Eusebio Cleto del Rey   07/04/2026   336.5 P348 L118567 07/04/2026 07/04/2026 Libro
        Biblioteca Prof. Eusebio Cleto del Rey Biblioteca Prof. Eusebio Cleto del Rey   07/04/2026   336.5 P348 L118568 07/04/2026 07/04/2026 Libro
        Biblioteca Prof. Eusebio Cleto del Rey Biblioteca Prof. Eusebio Cleto del Rey   07/04/2026   336.5 P348 L118569 07/04/2026 07/04/2026 Libro
        Biblioteca Prof. Eusebio Cleto del Rey Biblioteca Prof. Eusebio Cleto del Rey   07/04/2026   336.5 P348 L118570 07/04/2026 07/04/2026 Libro
        Biblioteca Prof. Eusebio Cleto del Rey Biblioteca Prof. Eusebio Cleto del Rey   07/04/2026   336.5 P348 L118571 07/04/2026 07/04/2026 Libro
        Biblioteca Prof. Eusebio Cleto del Rey Biblioteca Prof. Eusebio Cleto del Rey   07/04/2026   336.5 P348 L118572 07/04/2026 07/04/2026 Libro
        Biblioteca Prof. Eusebio Cleto del Rey Biblioteca Prof. Eusebio Cleto del Rey   07/04/2026   336.5 P348 L118573 07/04/2026 07/04/2026 Libro
        Biblioteca Prof. Eusebio Cleto del Rey Biblioteca Prof. Eusebio Cleto del Rey   07/04/2026   336.5 P348 L125712 07/04/2026 07/04/2026 Libro